MARC details
| 000 -LEADER |
| fixed length control field |
02468cam a2200445 i 4500 |
| 001 - CONTROL NUMBER |
| control field |
19436056 |
| 003 - CONTROL NUMBER IDENTIFIER |
| control field |
ARRUPE |
| 005 - DATE AND TIME OF LATEST TRANSACTION |
| control field |
20191016104534.0 |
| 008 - FIXED-LENGTH DATA ELEMENTS--GENERAL INFORMATION |
| fixed length control field |
170110t20162016nyu b 001 0 eng d |
| 010 ## - LIBRARY OF CONGRESS CONTROL NUMBER |
| LC control number |
2017287039 |
| Canceled/invalid LC control number |
2016429913 |
| 020 ## - INTERNATIONAL STANDARD BOOK NUMBER |
| International Standard Book Number |
9780190635060 |
| Qualifying information |
(hardback) |
| 020 ## - INTERNATIONAL STANDARD BOOK NUMBER |
| International Standard Book Number |
0190635061 |
| Qualifying information |
(hardback) |
| 020 ## - INTERNATIONAL STANDARD BOOK NUMBER |
| International Standard Book Number |
9780190634889 |
| Qualifying information |
(paperback) |
| 020 ## - INTERNATIONAL STANDARD BOOK NUMBER |
| International Standard Book Number |
019063488X |
| Qualifying information |
(paperback) |
| 035 ## - SYSTEM CONTROL NUMBER |
| System control number |
(OCoLC)ocn946460890 |
| 040 ## - CATALOGING SOURCE |
| Original cataloging agency |
YDXCP |
| Language of cataloging |
eng |
| Transcribing agency |
YDXCP |
| Description conventions |
rda |
| Modifying agency |
BTCTA |
| -- |
BDX |
| -- |
YDX |
| -- |
OCLCO |
| -- |
OCLCQ |
| -- |
GDC |
| -- |
VGM |
| -- |
PIT |
| -- |
DLC |
| 042 ## - AUTHENTICATION CODE |
| Authentication code |
lccopycat |
| 043 ## - GEOGRAPHIC AREA CODE |
| Geographic area code |
f-rh--- |
| 050 00 - LIBRARY OF CONGRESS CALL NUMBER |
| Classification number |
DT2996 |
| Item number |
.D66 2016 |
| 082 00 - DEWEY DECIMAL CLASSIFICATION NUMBER |
| Classification number |
968.91/04 |
| Edition number |
23 |
| 300 ## - PHYSICAL DESCRIPTION |
| Dimensions |
23 cm |
| 100 1# - MAIN ENTRY--PERSONAL NAME |
| Personal name |
Dorman, Sara Rich, |
| Relator term |
author. |
| 9 (RLIN) |
48375 |
| 245 10 - TITLE STATEMENT |
| Title |
Understanding Zimbabwe : |
| Remainder of title |
from liberation to authoritarianism / |
| Statement of responsibility, etc |
Sara Rich Dorman. |
| 260 ## - PUBLICATION, DISTRIBUTION, ETC. (IMPRINT) |
| Place of publication, distribution, etc |
London |
| Name of publisher, distributor, etc |
Hurst and company |
| Date of publication, distribution, etc |
2016 |
| 300 ## - PHYSICAL DESCRIPTION |
| Extent |
vii, 347 pages ; |
| 504 ## - BIBLIOGRAPHY, ETC. NOTE |
| Bibliography, etc |
Includes bibliographical references (pages 301-324) and index. |
| 505 0# - FORMATTED CONTENTS NOTE |
| Formatted contents note |
Understanding Zimbabwean politics -- The politics of liberation (1965-1980) -- The politics of inclusion (1980-1987) -- The politics of durability (1987-1997) -- The politics of polarization (1998-2000) -- The politics of exclusion (2000-2008) -- The politics of 'winner takes all' (2008-2014) -- Writing Zimbabwe's politics. |
| 520 ## - SUMMARY, ETC. |
| Summary, etc |
"Zimbabwe's recent history has been shaped by battles about who speaks for the nation, one fought out in struggles for control of political institutions, the media, and civil society. Understanding Zimbabwe examines the interactions of social groups - churches, NGOs, and political parties - from the liberation struggle, through the independence decades, as they engaged the state and ruling party. Sara Rich Dorman reveals how strategies of control and co-option were replicated and resisted, shaping expectations and behavior." |
| 650 #0 - SUBJECT ADDED ENTRY--TOPICAL TERM |
| Topical term or geographic name as entry element |
Political culture |
| Geographic subdivision |
Zimbabwe. |
| 9 (RLIN) |
48049 |
| 650 #0 - SUBJECT ADDED ENTRY--TOPICAL TERM |
| Topical term or geographic name as entry element |
Political participation |
| Geographic subdivision |
Zimbabwe. |
| 9 (RLIN) |
48376 |
| 650 #7 - SUBJECT ADDED ENTRY--TOPICAL TERM |
| Topical term or geographic name as entry element |
Political culture |
| Source of heading or term |
fast |
| 9 (RLIN) |
18975 |
| 650 #7 - SUBJECT ADDED ENTRY--TOPICAL TERM |
| Topical term or geographic name as entry element |
Political participation |
| Source of heading or term |
fast |
| 9 (RLIN) |
8001 |
| 650 #7 - SUBJECT ADDED ENTRY--TOPICAL TERM |
| Topical term or geographic name as entry element |
Politics and government |
| Source of heading or term |
fast |
| 9 (RLIN) |
31317 |
| 651 #0 - SUBJECT ADDED ENTRY--GEOGRAPHIC NAME |
| Geographic name |
Zimbabwe |
| General subdivision |
History. |
| 9 (RLIN) |
9704 |
| 651 #0 - SUBJECT ADDED ENTRY--GEOGRAPHIC NAME |
| Geographic name |
Zimbabwe |
| General subdivision |
Politics and government. |
| 9 (RLIN) |
48377 |
| 651 #7 - SUBJECT ADDED ENTRY--GEOGRAPHIC NAME |
| Geographic name |
Zimbabwe |
| Source of heading or term |
fast |
| 9 (RLIN) |
9210 |
| 655 #7 - INDEX TERM--GENRE/FORM |
| Genre/form data or focus term |
History |
| Source of term |
fast |
| 9 (RLIN) |
12337 |
| 906 ## - LOCAL DATA ELEMENT F, LDF (RLIN) |
| a |
7 |
| b |
cbc |
| c |
copycat |
| d |
2 |
| e |
ncip |
| f |
20 |
| g |
y-gencatlg |
| 942 ## - ADDED ENTRY ELEMENTS (KOHA) |
| Source of classification or shelving scheme |
Library of Congress Classification |
| Koha item type |
Monograph ( Printed materials) |